000 00755nam a2200265 a 4500
003 AR-BaBNM
005 20251128205318.0
008 082120s2002 ||||||||||||||000 | spa||
020 _a987-9018-35-4
040 _cAR-BaBNM
100 1 _aKipersain, Paloma
245 1 0 _aInicial
_bplanificación por proyectos en la sala de 5
260 _aBuenos Aires
_bEdiciones Independencia
_c[1996]
300 _a189 p.
_bil.
650 4 _aPROYECTOS MODELO
650 4 _aPLANIFICACION ESCOLAR
650 4 _aACTIVIDADES INTEGRADAS
650 4 _aOBJETIVOS EDUCACIONALES
650 4 _aDESARROLLO FISICO
650 4 _aDESARROLLO MOTOR
650 4 _aDESARROLLO INTELECTUAL
653 _aNIVEL INICIAL
653 _aCONTENIDOS BASICOS COMUNES
942 _cBK
999 _c10871
_d10871